Звездный прыжок: пер. с англ.

Bibliographische Detailangaben
1. Verfasser: Брэкетт Л. Ли
Zusammenfassung:Исключено из фонда НТБ ТПУ
Sprache:Russisch
Veröffentlicht: Таллинн, Мелор, 1997
Schriftenreihe:Сокровищница боевой фантастики и приключений
Format: Buch
KOHA link:https://koha.lib.tpu.ru/cgi-bin/koha/opac-detail.pl?biblionumber=8146

MARC

LEADER 00000nam0a2200000 4500
001 8146
005 20231030181704.0
010 |a 5870050510 
035 |a (RuTPU)RU\TPU\book\8192 
035 |a BOOK00008251 
090 |a 8146 
100 |a 20011209d1997 m y0rusy50 ca 
101 1 |a rus  |c eng 
102 |a EE 
105 |a y z 000ay 
200 1 |a Звездный прыжок  |e пер. с англ.  |f Л. Брэкетт 
210 |a Таллинн  |c Мелор  |d 1997 
215 |a 432 с. 
225 1 |a Сокровищница боевой фантастики и приключений 
333 |a Исключено из фонда НТБ ТПУ 
700 1 |a Брэкетт  |b Л.  |g Ли 
801 0 |a RU  |b 63413507  |c 20011209  |g PSBO 
801 2 |a RU  |b 63413507  |c 20130520  |g PSBO 
942 |c BK